[Event "Kitchener"]
[Site "Kitchener"]
[Date "2010.08.02"]
[Round "7"]
[White "Drkulec, Vladimir"]
[Black "Kagramanov, Dina"]
[Result "1-0"]
[WhiteElo "2121"]
[BlackElo "2196"]
[PlyCount "93"]
[EventDate "2010.07.30"]
[EventType "swiss"]
[EventRounds "7"]
[EventCountry "CAN"]
[SourceTitle "EXT 2022"]
[Source "ChessBase"]
[SourceDate "2021.10.06"]
[SourceVersion "1"]
[SourceVersionDate "2021.10.06"]
[SourceQuality "1"]

1. d4 d5 2. c4 e6 3. g3 Nf6 4. Nf3 c6 5. Bg2 Be7 6. 0-0 Nbd7 7. b3 Ne4 8. Nfd2 f5 9. f3 Nxd2 10. Qxd2 0-0 11. Ba3 c5 12. cxd5 Bf6 13. Bb2 exd5 14. f4 Kh8 15. Bxd5 cxd4 16. Rd1 Nc5 17. Bf3 Ne6 18. Na3 a6 19. Nc2 Qb6 20. Nxd4 Rd8 21. e3 Bd7 22. Qf2 Nc5 23. Rac1 Bb5 24. Nxb5 Bxb2 25. Qxb2 Nd3 26. Rxd3 Rxd3 27. Nd4 Rxe3 28. Kg2 Qf6 29. Qd2 Re7 30. Ne2 h6 31. Nc3 Qe6 32. Nd5 Rd8 33. Rd1 Red7 34. Qd4 Qc6 35. Qd3 Qe6 36. Kf2 Re8 37. Qc3 Qd6 38. b4 Rdd8 39. Re1 Qd7 40. Qb3 b5 41. Kg2 Qa7 42. Re2 Rd7 43. Qc2 Qd4 44. Rd2 Qa7 45. Qxf5 Rf7 46. Qg6 Rc8 47. Be4 1-0

[Event "Canadian op"]
[Site "Toronto"]
[Date "2010.07.18"]
[Round "9"]
[White "Drkulec, Vladimir"]
[Black "Sankalp, Modwal"]
[Result "0-1"]
[WhiteElo "1936"]
[BlackElo "2177"]
[PlyCount "52"]
[EventDate "2010.07.10"]
[EventType "swiss"]
[EventRounds "9"]
[EventCountry "CAN"]
[SourceTitle "CBM 137 Extra"]
[Source "ChessBase"]
[SourceDate "2010.09.01"]
[SourceVersion "1"]
[SourceVersionDate "2010.09.01"]
[SourceQuality "1"]

1. d4 Nf6 2. c4 e6 3. g3 Be7 4. Nf3 b6 5. Bg2 Bb7 6. 0-0 0-0 7. b3 c5 8. dxc5 bxc5 9. Bb2 d5 10. Ne5 Nbd7 11. cxd5 exd5 12. Nd2 Nxe5 13. Bxe5 Bd6 14. Nc4 Bxe5 15. Nxe5 Qe7 16. Nd3 Rac8 17. Rc1 Rfe8 18. e3 Ne4 19. Qc2 c4 20. bxc4 dxc4 21. Nf4 Qa3 22. Rfd1 Ba8 23. Rd4 Nxf2 24. Bxa8 Qxe3 25. Rxc4 Nd3+ 26. Kh1 Qxc1+ 0-1